000 00559cam a22001697a 4500
008 180718b1998 xxu||||| |||| 00| 0 eng d
020 _a8190037749
082 _aA2:T19x54 In8/98
245 _aOn-line Index to sixteen economic journals
_cby Institute for Studies in Industrial Development
260 _aNew Delhi
_bISID
_c1998
300 _a610p.
440 _aISID index series v.2
650 _aEconomics - Bibliographies
650 _aEconomics - Abstracting and indexing
700 _aInstitute for Studies in Industrial Development
700 _aISID
999 _c484116
_d484116